Statistics for Pokemon Version Mascots

Click here to take the quiz!

General Stats

  • This quiz has been taken 153 times
    (132 since last reset)
  • The average score is 20 of 23

Answer Stats

Answer% Correct
Pikachu
97%
Groudon
96%
Kyogre
96%
Ho-Oh
95%
Lugia
95%
Rayquaza
95%
Blastoise
94%
Charizard
94%
Palkia
94%
Dialga
93%
Reshiram
93%
Zekrom
93%
Venusaur
92%
Xerneas
89%
Giratina
88%
Yveltal
88%
Suicune
86%
Solgaleo
83%
Lunala
80%
Zacian
76%
Zamazenta
76%
Kyurem
75%
Necrozma
68%

Score Distribution

Percentile by Number Answered

Percent of People with Each Score

Your Score History

You have not taken this quiz since the last reset